Obálka Náhled e-knihy:
Epub
Pro půjčování e-knih musíte být přihlášeni.
Jak si půjčit online?

Hra /

Uloženo v:
Hlavní autor: Flo, (Autor)
Médium: E-kniha
Jazyk:Czech
Vydáno: Praha : Albatros Media a.s., 2006
Tagy:
Žádné tagy
LEADER 00816nam a22002177i 4500
001 306671
007 ta
008 260601s2006 xr ||||| |||| 00| 0 cze d
020 |a 9990000068814 
044 |a xr 
100 1 |a  Flo,   |4 aut 
245 1 0 |a Hra /  |c  Flo,  
264 1 |a Praha :  |b Albatros Media a.s.,  |c 2006 
300 |a 1 online zdroj 
336 |a text  |b txt  |2 rdacontent 
337 |a bez média  |b n  |2 rdamedia 
338 |a online zdroj  |b cr  |2 rdacarrier 
910 |a RBIT002 
998 |d 6881  |a https://core.palmknihy.cz/api/books/6881/cover?mpc1xp  |b https://core.palmknihy.cz/api/books/6881/cover/400?dd7k06  |c https://core.palmknihy.cz/api/books/6881/cover/50?ih8j9s  |e   |i 9990000068814  |j https://core.palmknihy.cz/api/books/6881/preview.epub  |l   |q 0  |r 1  |s https://www.palmknihy.cz/kniha/6881  |t ebook  |y 2006  |z 1 
999 |d 306669